Gentrification is inevitable: And other lies (Record no. 1224923)

MARC details
000 -LEADER
fixed length control field 00606nam a2200217Ia 4500
005 - DATE AND TIME OF LATEST TRANSACTION
control field 20241129104221.0
008 - FIXED-LENGTH DATA ELEMENTS--GENERAL INFORMATION
fixed length control field 241129s9999||||xx |||||||||||||| ||und||
020 ## - INTERNATIONAL STANDARD BOOK NUMBER
International Standard Book Number 9781839767548
037 ## - SOURCE OF ACQUISITION
Stock number Textual
040 ## - CATALOGING SOURCE
Original cataloging agency RTL
Language of cataloging eng
Transcribing agency RTL
041 ## - LANGUAGE CODE
Language code of text/sound track or separate title eng
Source of code eng
084 ## - COLON CLASSIFICATION NUMBER
Classification number U435 R2
Assigning agency RTL
100 ## - MAIN ENTRY--PERSONAL NAME
Personal name Kern Leslie
9 (RLIN) 725273
245 #0 - TITLE STATEMENT
Title Gentrification is inevitable: And other lies
Statement of responsibility, etc. Kern Leslie
260 ## - PUBLICATION, DISTRIBUTION, ETC.
Place of publication, distribution, etc. London
Name of publisher, distributor, etc. Verso Publications
Date of publication, distribution, etc. 2022
300 ## - PHYSICAL DESCRIPTION
Extent ix,243p.
365 ## - TRADE PRICE
Price type code INR
Price amount 1520.44
650 ## - SUBJECT ADDED ENTRY--TOPICAL TERM
Topical term or geographic name entry element Urban Studies
9 (RLIN) 724825
942 ## - ADDED ENTRY ELEMENTS (KOHA)
Koha item type Textbook
Classification part U435 R2
Holdings
Withdrawn status Lost status Damaged status Not for loan Home library Current library Date acquired Source of acquisition Cost, normal purchase price Inventory number Total Checkouts Full call number Barcode Date last seen Price effective from Koha item type
        Ratan Tata Library Ratan Tata Library 2024-11-29 Elite Publishers Distributor 1520.44 14745 & 23/02/2023   U435 R2 RT1502859 2024-11-29 2024-11-29 Textbook
Copyright @ Delhi University Library System